| 000 | 00324cam a22001217a 4500 | ||
|---|---|---|---|
| 008 | 180718b1988 xxu||||| |||| 00| 0 eng d | ||
| 082 | _aT42x5434 V59 CRS | ||
| 100 | _aVerma, M.L. | ||
| 245 |
_aRural banking in India _cby M.L. Verma |
||
| 260 |
_aJaipur _bRawat _c1988 |
||
| 300 | _a268p. | ||
| 650 | _aBanks - India - Rajasthan | ||
| 999 |
_c356274 _d356274 |
||